Statistics for Ancient Near East

Click here to take the quiz!

General Stats

  • This quiz has been taken 196 times
  • The average score is 9 of 16

Answer Stats

HintAnswer% Correct
City famous for its Hanging GardensBabylon
96%
Euphrates
89%
Two Rivers that the above is situated betweenTigris
88%
'Cradle of Civilization', situated between two riversMesopotamia
87%
Kingdom in Mesopotamia between 2500 and 605 B.C.Assyria
70%
Epic Poem regarded as the first great work of literatureEpic of {Gilgamesh}
70%
Crescent-shaped area of Mesopotamia and Egypt, where the first civilizations roseFertile Crescent
63%
Region and Civilization of Southern Mesopotamian, settled in 5500 BCSumer
61%
Largest Mesopotamian City StateUr
60%
Massive terraced step-pyramids built by the MesopotamiansZiggurat
56%
Mesopotamian Empire, regarded as the first empireAkkadian Empire
52%
Founder of the aboveSargon the Great
40%
Two Capital Cities of the aboveAshur
37%
King who commissioned the build of the Hanging GardensNebuchadnezzar II
34%
Nineveh
32%
Founder of the above cityUr-Nammu
4%

Score Distribution

Percentile by Number Answered

Percent of People with Each Score

Your Score History

You have not taken this quiz